000 00715nam a2200217Ia 4500
003 IN-BaIIA
008 211028s9999 xx 000 0 eng d
020 _a0-521-25461-2
040 _cIIA Library
080 _a551.510.5
_bBUD
100 _aBudden, K. G.
_93894
245 4 _aThe propagation of radio waves
_bthe theory of radio waves of low power in the ionosphere and magnetosphere
_cK. G. Budden
260 _aCambridge
_bCambridge University Press
_c1985
300 _axvi, 669p.
650 _aIonosphere
650 _aMagnetospheres
_98024
650 _aNASA Thesaurus
650 _aRadiowave propagation
_97760
650 _aRadiowaves
_92866
942 _cBK
999 _c8636
_d8636